[Event "Bundesliga B Mitte 2008/2009"]
[Site "Voecklabruck"]
[Date "2009.03.08"]
[Round "8"]
[Board "4"]
[White "Petschar, Kurt"]
[Black "Sandhu, Mario"]
[Result "1/2-1/2"]
[WhiteElo "2267"]
[BlackElo "2292"]
[PlyCount "23"]
[EventDate "2008.10.11"]
[EventType "team"]
[EventRounds "11"]
[EventCountry "AUT"]
[WhiteTeam "SC Die Klagenfurter"]
[BlackTeam "RbEJ Volksbank Gleisdorf"]

1.c4 Nf6 2.Nc3 c5 3.Nf3 Nc6 4.e3 e6 5.d4 cxd4 6.exd4 d5 7.cxd5 Nxd5 8.Bd3 Be7
9.O-O O-O 10.Re1 Bf6 11.Be4 Nce7 12.Qd3

[Event "Bundesliga B Mitte 2008/2009"]
[Site "Voecklabruck"]
[Date "2009.03.08"]
[Round "8"]
[Board "5"]
[White "Perhinig, Robert"]
[Black "Titz, Heimo"]
[Result "1/2-1/2"]
[WhiteElo "2300"]
[BlackElo "2216"]
[PlyCount "30"]
[EventDate "2008.10.11"]
[EventType "team"]
[EventRounds "11"]
[EventCountry "AUT"]
[WhiteTeam "RbEJ Volksbank Gleisdorf"]
[BlackTeam "SC Die Klagenfurter"]

1.d4 Nf6 2.Bg5 e6 3.e4 c5 4.e5 h6 5.Bc1 Nd5 6.c4 Nb6 7.d5 d6 8.exd6 Bxd6 9.Nf3
O-O 10.Be2 exd5 11.cxd5 N8d7 12.Nc3 Nf6 13.Be3 Bf5 14.Rc1 Rc8 15.a3 a6

[Event "Bundesliga B Mitte 2008/2009"]
[Site "Voecklabruck"]
[Date "2009.03.08"]
[Round "8"]
[Board "6"]
[White "Jakits, Leopold"]
[Black "Frosch, Ronald"]
[Result "0-1"]
[WhiteElo "1989"]
[BlackElo "2230"]
[PlyCount "68"]
[EventDate "2008.10.11"]
[EventType "team"]
[EventRounds "11"]
[EventCountry "AUT"]
[WhiteTeam "SC Die Klagenfurter"]
[BlackTeam "RbEJ Volksbank Gleisdorf"]

1.e4 e5 2.Nf3 d6 3.Bc4 Be7 4.d3 Nf6 5.O-O O-O 6.c3 Bg4 7.Bg5 Nbd7 8.Nbd2 c6
9.Qc2 b5 10.Bb3 Nc5 11.d4 Nxb3 12.Qxb3 Bxf3 13.Bxf6 Bg4 14.Bxe7 Qxe7 15.a4 Qg5
16.f4 exf4 17.axb5 cxb5 18.Ra5 a6 19.c4 Bd7 20.Qa3 Qf6 21.Nf3 Bg4 22.cxb5 Bxf3
23.e5 dxe5 24.Qxf3 Qb6 25.Rxa6 Qxd4+ 26.Kh1 Rab8 27.Qb3 Rb7 28.b6 Rd8 29.Rfa1 g6
30.Ra7 Rdb8 31.Rd1 Qxb6 32.Rxb7 Qxb3 33.Rxb3 Rxb3 34.Rd8+ Kg7

[Event "Bundesliga B Mitte 2008/2009"]
[Site "Fuerstenfeld"]
[Date "2009.03.27"]
[Round "9"]
[Board "2"]
[White "Schenk, Andreas"]
[Black "Horvath, Jozsef"]
[Result "0-1"]
[WhiteElo "2507"]
[BlackElo "2542"]
[PlyCount "62"]
[EventDate "2008.10.11"]
[EventType "team"]
[EventRounds "11"]
[EventCountry "AUT"]
[WhiteTeam "Schachklub Sparkasse Fuerstenfeld"]
[BlackTeam "SC Die Klagenfurter"]

1.d4 e6 2.c4 f5 3.Qc2 Nf6 4.Nc3 b6 5.e3 Bb7 6.f3 c5 7.dxc5 Bxc5 8.Nh3 O-O 9.Be2
Ng4 10.Nd1 Qh4+ 11.Kf1 Nc6 12.Bd2 Nce5 13.b4 Be7 14.Be1 Qh6 15.f4 Qg6 16.Bxg4
fxg4 17.Qxg6 Nxg6 18.Nhf2 e5 19.Nxg4 exf4 20.Ngf2 Rac8 21.Rc1 Ba6 22.h4 Rxc4
23.Rxc4 Bxc4+ 24.Kg1 fxe3 25.Nxe3 Bxa2 26.h5 Nf4 27.h6 Ne2+ 28.Kh2 Bd6+ 29.Kh3
Be6+ 30.Nfg4 gxh6 31.Kh4 Be7+

[Event "Bundesliga B Mitte 2008/2009"]
[Site "Fuerstenfeld"]
[Date "2009.03.27"]
[Round "9"]
[Board "4"]
[White "Kilgus, Georg"]
[Black "Genser, Harald"]
[Result "1/2-1/2"]
[WhiteElo "2349"]
[BlackElo "2314"]
[PlyCount "80"]
[EventDate "2008.10.11"]
[EventType "team"]
[EventRounds "11"]
[EventCountry "AUT"]
[WhiteTeam "Schachklub Sparkasse Fuerstenfeld"]
[BlackTeam "SC Die Klagenfurter"]

1.d4 d5 2.c4 e6 3.Nf3 Nf6 4.Bg5 Bb4+ 5.Nbd2 dxc4 6.Qc2 Qd5 7.Bxf6 gxf6 8.e4
Bxd2+ 9.Kxd2 Qa5+ 10.Qc3 Qxc3+ 11.Kxc3 b5 12.a4 c6 13.b3 cxb3 14.axb5 cxb5
15.Bxb5+ Bd7 16.Bxd7+ Nxd7 17.Rhb1 Ke7 18.Rxb3 Rhc8+ 19.Kd3 Rc7 20.Rba3 Nb6
21.Nd2 Nc8 22.Rb1 Nd6 23.Ra5 Rg8 24.g3 Rg5 25.Rba1 Rxa5 26.Rxa5 Kf8 27.d5 Ke7
28.f4 Nb7 29.Ra3 Rd7 30.Kd4 f5 31.Ke3 exd5 32.exf5 Nd6 33.g4 h5 34.h3 hxg4
35.hxg4 Rc7 36.Kd3 Nb5 37.Rb3 a6 38.Nf1 Rc4 39.Ne3 Rd4+ 40.Ke2 Rc4

[Event "Bundesliga B Mitte 2008/2009"]
[Site "Fuerstenfeld"]
[Date "2009.03.27"]
[Round "9"]
[Board "5"]
[White "Petschar, Kurt"]
[Black "Poetz, Florian"]
[Result "1/2-1/2"]
[WhiteElo "2267"]
[BlackElo "2227"]
[PlyCount "112"]
[EventDate "2008.10.11"]
[EventType "team"]
[EventRounds "11"]
[EventCountry "AUT"]
[WhiteTeam "SC Die Klagenfurter"]
[BlackTeam "Schachklub Sparkasse Fuerstenfeld"]

1.c4 c5 2.Nc3 g6 3.Nf3 Bg7 4.g3 Nc6 5.Bg2 d6 6.O-O Nh6 7.d3 Nf5 8.Bd2 Bd7 9.a3
h5 10.h3 Qc8 11.Kh2 Ne5 12.Ng5 Bc6 13.Nge4 h4 14.g4 Nh6 15.Bxh6 Bxh6 16.g5 Bg7
17.f4 Nd7 18.Rb1 f5 19.gxf6 Nxf6 20.Nxf6+ Bxf6 21.Nd5 Bg7 22.Be4 Rh6 23.Rg1 Kf7
24.Bxg6+ Kf8 25.e3 Qe6 26.Be4 Qf7 27.Qg4 e6 28.Nc3 Bxc3 29.Bxc6 Bd2 30.Bxb7 Rb8
31.Qe2 Bxe3 32.Qxe3 Rxb7 33.b4 cxb4 34.axb4 Qf6 35.b5 Rf7 36.Rg4 Rg6 37.Rxg6
Qxg6 38.Rg1 Qh6 39.Rg5 Qf6 40.Rg4 Qb2+ 41.Kg1 Qb1+ 42.Kf2 Qb2+ 43.Kf3 Qh2
44.Rxh4 e5 45.Qf2 Qh1+ 46.Kg3 e4 47.dxe4 Qxe4 48.Qd2 Rf6 49.c5 Qb1 50.c6 Re6
51.Rh8+ Ke7 52.f5 Qxf5 53.Rg8 Qe5+ 54.Kg2 Qe4+ 55.Kh2 Qe5+ 56.Rg3 Qxb5

[Event "Bundesliga B Mitte 2008/2009"]
[Site "Fuerstenfeld"]
[Date "2009.03.27"]
[Round "9"]
[Board "1"]
[White "Wittmann, Walter"]
[Black "Horvath, Adam"]
[Result "0-1"]
[WhiteElo "2269"]
[BlackElo "2519"]
[PlyCount "98"]
[EventDate "2008.10.11"]
[EventType "team"]
[EventRounds "11"]
[EventCountry "AUT"]
[WhiteTeam "Union Styria Kleine Zeitung Graz"]
[BlackTeam "RbEJ Volksbank Gleisdorf"]

1.e4 c5 2.Nf3 e6 3.d4 cxd4 4.Nxd4 a6 5.Nc3 b5 6.Bd3 Qb6 7.Nf3 Qc7 8.e5 Ne7 9.O-O
Ng6 10.Re1 Nc6 11.Be4 Bb7 12.Bg5 b4 13.Na4 Rb8 14.Qe2 Qa5 15.b3 Ncxe5 16.Bxb7
Nxf3+ 17.Bxf3 Qxg5 18.Qxa6 Be7 19.Nb6 Ne5 20.Be2 O-O 21.Rad1 d5 22.g3 Qg6 23.Rc1
Bg5 24.Rcd1 Qxc2 25.Bh5 Qc6 26.Rxe5 Rxb6 27.Qf1 Bf6 28.Re2 Rb5 29.Bf3 Rc5
30.Red2 Rc3 31.Bg2 Rc8 32.f4 g6 33.Qe2 Qc5+ 34.Qf2 Rc1 35.Qxc5 Rxd1+ 36.Rxd1
Rxc5 37.Rd2 Rc1+ 38.Kf2 Bc3 39.Re2 Bd4+ 40.Kf3 Rc3+ 41.Kg4 h5+ 42.Kh4 Be3 43.f5
gxf5 44.Kxh5 d4 45.g4 f4 46.h4 d3 47.Re1 d2 48.Rd1 Rc1 49.Bf3 e5

[Event "Bundesliga B Mitte 2008/2009"]
[Site "Fuerstenfeld"]
[Date "2009.03.27"]
[Round "9"]
[Board "2"]
[White "Horvath, Tamas"]
[Black "Hatzl, Stefan"]
[Result "1-0"]
[WhiteElo "2416"]
[BlackElo "2148"]
[PlyCount "53"]
[EventDate "2008.10.11"]
[EventType "team"]
[EventRounds "11"]
[EventCountry "AUT"]
[WhiteTeam "RbEJ Volksbank Gleisdorf"]
[BlackTeam "Union Styria Kleine Zeitung Graz"]

1.e4 e6 2.d4 d5 3.Nd2 Nf6 4.Bd3 c5 5.e5 Nfd7 6.c3 Nc6 7.Ndf3 Qa5 8.Kf1 b5 9.Ne2
b4 10.Be3 Be7 11.h4 Ba6 12.Rh3 Bxd3 13.Qxd3 c4 14.Qc2 O-O-O 15.Rg3 f6 16.Nf4
fxe5 17.Nxe6 exd4 18.Nxd8 Qxd8 19.Nxd4 Nxd4 20.Bxd4 Bxh4 21.Rxg7 Rf8 22.Re1 bxc3
23.bxc3 h6 24.Re6 Qc7 25.Qa4 Qb7 26.Qc6+ Qxc6 27.Rxc6+

[Event "Bundesliga B Mitte 2008/2009"]
[Site "Fuerstenfeld"]
[Date "2009.03.27"]
[Round "9"]
[Board "3"]
[White "Frank, Paul"]
[Black "Meszaros, Tamas"]
[Result "1-0"]
[WhiteElo "2249"]
[BlackElo "2434"]
[PlyCount "105"]
[EventDate "2008.10.11"]
[EventType "team"]
[EventRounds "11"]
[EventCountry "AUT"]
[WhiteTeam "Union Styria Kleine Zeitung Graz"]
[BlackTeam "RbEJ Volksbank Gleisdorf"]

1.d4 Nf6 2.Nf3 e6 3.g3 b5 4.Bg2 Bb7 5.O-O c5 6.Na3 b4 7.Nc4 cxd4 8.Qxd4 d5
9.Nce5 Nbd7 10.Bd2 Bc5 11.Qf4 Qc7 12.Nxd7 Qxf4 13.Bxf4 Nxd7 14.Rfc1 f6 15.c3
bxc3 16.Rxc3 e5 17.Bd2 e4 18.Ne1 Ba6 19.Bh3 Bb6 20.Be6 Bb7 21.Rac1 Ke7 22.Bh3
Rac8 23.Rxc8 Rxc8 24.Bb4+ Kd8 25.Rxc8+ Bxc8 26.Nc2 d4 27.Bf5 Ba6 28.Bxe4 Bxe2
29.Ne1 Ne5 30.Kg2 g6 31.h3 d3 32.f4 f5 33.Bd5 Nd7 34.Bc4 Nc5 35.Nf3 Ne4 36.Ne5
Bf2 37.g4 Be3 38.Bxd3 Bxf4 39.Nxg6 hxg6 40.Bxe2 Be5 41.gxf5 gxf5 42.b3 Nc3
43.Bd3 Nxa2 44.Ba5+ Ke7 45.Bxf5 Nc1 46.Bc2 Ne2 47.h4 Nd4 48.Bd1 Kf6 49.h5 Bf4
50.Bd8+ Kf5 51.Kh3 Bg5 52.Bc7 Bf4 53.Bg4+

[Event "Bundesliga B Mitte 2008/2009"]
[Site "Fuerstenfeld"]
[Date "2009.03.27"]
[Round "9"]
[Board "4"]
[White "Sandhu, Mario"]
[Black "Nickl, Klaus"]
[Result "1-0"]
[WhiteElo "2292"]
[BlackElo "2150"]
[PlyCount "69"]
[EventDate "2008.10.11"]
[EventType "team"]
[EventRounds "11"]
[EventCountry "AUT"]
[WhiteTeam "RbEJ Volksbank Gleisdorf"]
[BlackTeam "Union Styria Kleine Zeitung Graz"]

1.e4 e5 2.Nf3 Nc6 3.Bb5 a6 4.Bxc6 dxc6 5.O-O f6 6.d4 Bg4 7.c3 exd4 8.cxd4 Qd7
9.Be3 Ne7 10.Nbd2 Ng6 11.Rc1 Bd6 12.Re1 O-O-O 13.Qc2 Rhe8 14.d5 cxd5 15.exd5 Qf5
16.Qb3 Bxf3 17.Nxf3 Nf4 18.Bxf4 Qxf4 19.g3 Qg4 20.Kg2 Qb4 21.Qc2 g6 22.Re6 Rxe6
23.dxe6 Re8 24.Re1 Qc5 25.Qa4 Re7 26.Qb3 g5 27.h3 h5 28.Qd3 g4 29.hxg4 hxg4
30.Nh4 Be5 31.Ng6 Qc6+ 32.Kg1 Rh7 33.Qe4 Qxe6 34.Nf8 Qc6 35.Nxh7

[Event "Bundesliga B Mitte 2008/2009"]
[Site "Fuerstenfeld"]
[Date "2009.03.27"]
[Round "9"]
[Board "6"]
[White "Frosch, Ronald"]
[Black "Wieser, Andreas"]
[Result "1-0"]
[WhiteElo "2230"]
[BlackElo "2095"]
[PlyCount "85"]
[EventDate "2008.10.11"]
[EventType "team"]
[EventRounds "11"]
[EventCountry "AUT"]
[WhiteTeam "RbEJ Volksbank Gleisdorf"]
[BlackTeam "Union Styria Kleine Zeitung Graz"]

1.d4 Nf6 2.Nf3 e6 3.e3 c5 4.Bd3 b6 5.O-O Bb7 6.Nbd2 Be7 7.Qe2 d5 8.b3 Nc6 9.Bb2
O-O 10.a3 Qc7 11.Rfe1 Rfd8 12.dxc5 bxc5 13.e4 dxe4 14.Nxe4 Nd4 15.Bxd4 cxd4
16.Nfg5 Nxe4 17.Nxe4 Rac8 18.Rf1 g6 19.f4 Bxe4 20.Qxe4 Bf6 21.Rf3 Qa5 22.a4 Qd5
23.Qe2 Rc3 24.Rd1 Qc5 25.g4 Rd6 26.Kg2 Qc6 27.Rdf1 Kh8 28.Kg1 Qc7 29.Rh3 Rd5
30.f5 exf5 31.gxf5 Qe5 32.Qxe5 Bxe5 33.fxg6 fxg6 34.Rf7 Bg7 35.Rxa7 Rd8 36.a5
Rc6 37.Rf3 Rf8 38.Rff7 Rxf7 39.Rxf7 Kg8 40.Rd7 Bf8 41.a6 Bc5 42.Rd8+ Kg7 43.a7

[Event "Bundesliga B Mitte 2008/2009"]
[Site "Fuerstenfeld"]
[Date "2009.03.27"]
[Round "9"]
[Board "2"]
[White "Velicka, Petr"]
[Black "Hajnal, Zoltan"]
[Result "1-0"]
[WhiteElo "2464"]
[BlackElo "2417"]
[PlyCount "71"]
[EventDate "2008.10.11"]
[EventType "team"]
[EventRounds "11"]
[EventCountry "AUT"]
[WhiteTeam "Schachgemeinschaft Voecklabruck"]
[BlackTeam "ASK St. Valentin"]

1.e4 e5 2.Nf3 Nc6 3.Bb5 a6 4.Ba4 Nf6 5.d3 b5 6.Bb3 Be7 7.O-O d6 8.a4 Bb7 9.Nc3
b4 10.Nd5 Nxd5 11.Bxd5 O-O 12.d4 Bf6 13.dxe5 dxe5 14.Be3 Qe7 15.Qe2 Rfb8 16.Rfd1
h6 17.a5 Nd8 18.Qd3 c6 19.Bb3 c5 20.Bd5 Nc6 21.c3 Rc8 22.Nd2 Nd4 23.Bxb7 Qxb7
24.cxd4 cxd4 25.Nc4 dxe3 26.Nd6 exf2+ 27.Kf1 Qa7 28.Nxc8 Rxc8 29.Rac1 Rd8 30.Qe2
Rd4 31.Qxf2 Qd7 32.Rxd4 exd4 33.Qf5 Qxf5+ 34.exf5 d3 35.Rc8+ Kh7 36.b3

[Event "Bundesliga B Mitte 2008/2009"]
[Site "Fuerstenfeld"]
[Date "2009.03.27"]
[Round "9"]
[Board "3"]
[White "Sandhoefner, Florian"]
[Black "Konopka, Michal"]
[Result "1/2-1/2"]
[WhiteElo "2246"]
[BlackElo "2445"]
[PlyCount "76"]
[EventDate "2008.10.11"]
[EventType "team"]
[EventRounds "11"]
[EventCountry "AUT"]
[WhiteTeam "ASK St. Valentin"]
[BlackTeam "Schachgemeinschaft Voecklabruck"]

1.e4 Nf6 2.e5 Nd5 3.d4 d6 4.Nf3 Nb6 5.a4 a5 6.Nc3 dxe5 7.Nxe5 N8d7 8.Qf3 Nf6
9.Bb5+ c6 10.Nxc6 bxc6 11.Bxc6+ Bd7 12.Bxa8 Qxa8 13.Qxa8+ Nxa8 14.Bf4 e6
15.O-O-O Bb4 16.Nb5 O-O 17.c4 Rc8 18.b3 Ne4 19.Rdf1 Bxb5 20.axb5 a4 21.Kc2 Nb6
22.f3 Nc3 23.Bd2 Nxb5 24.Bxb4 Nxd4+ 25.Kb2 axb3 26.c5 Na4+ 27.Ka3 Ra8 28.c6 Nc3+
29.Kb2 Na4+ 30.Ka3 Nb6+ 31.Kb2 Ra2+ 32.Kc3 e5 33.Ra1 Rc2+ 34.Kd3 Nxc6 35.Bc3 f5
36.Ra6 e4+ 37.fxe4 fxe4+ 38.Kxe4 Rxc3

[Event "Bundesliga B Mitte 2008/2009"]
[Site "Fuerstenfeld"]
[Date "2009.03.27"]
[Round "9"]
[Board "4"]
[White "Ennsberger, Ulrich"]
[Black "Kranzl, Peter"]
[Result "1-0"]
[WhiteElo "2315"]
[BlackElo "2279"]
[PlyCount "71"]
[EventDate "2008.10.11"]
[EventType "team"]
[EventRounds "11"]
[EventCountry "AUT"]
[WhiteTeam "Schachgemeinschaft Voecklabruck"]
[BlackTeam "ASK St. Valentin"]

1.d4 g6 2.e4 Bg7 3.c4 c5 4.Nf3 cxd4 5.Nxd4 Nf6 6.Nc3 O-O 7.Be3 d6 8.Be2 Nbd7
9.O-O Nc5 10.f3 Bd7 11.Qd2 Rc8 12.b4 Ne6 13.Nb3 b6 14.Rac1 Bc6 15.Rfd1 Nd7
16.Kh1 h5 17.Nd5 Ba4 18.Nc3 Bc6 19.Qe1 Qe8 20.Nd5 Ba4 21.Qh4 Nf6 22.f4 Nc7
23.Nc3 Bc6 24.Bf3 Bd7 25.h3 Na6 26.e5 Rxc4 27.exf6 Bxf6 28.Qe1 Nxb4 29.a3 Qc8
30.Nd4 Nc6 31.Nd5 Nxd4 32.Bxd4 Rxc1 33.Rxc1 Qd8 34.Nxf6+ exf6 35.Bxh5 Re8 36.Qc3

[Event "Bundesliga B Mitte 2008/2009"]
[Site "Fuerstenfeld"]
[Date "2009.03.27"]
[Round "9"]
[Board "5"]
[White "Heimberger, Reinhard"]
[Black "Rolletschek, Heinrich"]
[Result "1/2-1/2"]
[WhiteElo "2256"]
[BlackElo "2222"]
[PlyCount "82"]
[EventDate "2008.10.11"]
[EventType "team"]
[EventRounds "11"]
[EventCountry "AUT"]
[WhiteTeam "ASK St. Valentin"]
[BlackTeam "Schachgemeinschaft Voecklabruck"]

1.d4 f5 2.g3 Nf6 3.Bg2 g6 4.Nf3 Bg7 5.O-O c6 6.b3 O-O 7.Bb2 d6 8.c4 e5 9.dxe5
Ng4 10.Nbd2 Nxe5 11.Qc2 Na6 12.Rad1 Qe7 13.a3 Nc7 14.Bc3 Be6 15.Qb2 Bd7 16.Nxe5
Bxe5 17.Bxe5 dxe5 18.Nf3 e4 19.Qe5 Qxe5 20.Nxe5 Be6 21.Rd6 Rfd8 22.Rfd1 Rxd6
23.Rxd6 Kf8 24.f3 Ke7 25.Rd2 exf3 26.exf3 f4 27.gxf4 Rf8 28.Nd3 Rd8 29.Kf2 b5
30.cxb5 cxb5 31.b4 Bc4 32.Bf1 Kf6 33.Rd1 Ne6 34.Be2 Kf5 35.Ne5 Rxd1 36.Bxd1 Bd5
37.Nd7 Kxf4 38.Nf6 Bc6 39.Nxh7 Nd4 40.Nf8 Be8 41.Nh7 Bc6

[Event "Bundesliga B Mitte 2008/2009"]
[Site "Fuerstenfeld"]
[Date "2009.03.27"]
[Round "9"]
[Board "6"]
[White "Gneiss, Karl"]
[Black "Trauner, Rudolf"]
[Result "1/2-1/2"]
[WhiteElo "2119"]
[BlackElo "2213"]
[PlyCount "33"]
[EventDate "2008.10.11"]
[EventType "team"]
[EventRounds "11"]
[EventCountry "AUT"]
[WhiteTeam "Schachgemeinschaft Voecklabruck"]
[BlackTeam "ASK St. Valentin"]

1.e4 e6 2.d4 d5 3.exd5 Qxd5 4.Nf3 Nf6 5.Bd3 Bb4+ 6.c3 Be7 7.O-O O-O 8.Bf4 c5
9.Qe2 Nc6 10.Rd1 cxd4 11.cxd4 Qh5 12.Nc3 b6 13.Rac1 Bb7 14.Ne4 Rfd8 15.Ng3 Qa5
16.Bb1 Rac8 17.Ne4

[Event "Bundesliga B Mitte 2008/2009"]
[Site "Fuerstenfeld"]
[Date "2009.03.27"]
[Round "9"]
[Board "1"]
[White "Skoberne, Jure"]
[Black "Mohr, Georg"]
[Result "1/2-1/2"]
[WhiteElo "2489"]
[BlackElo "2488"]
[PlyCount "45"]
[EventDate "2008.10.11"]
[EventType "team"]
[EventRounds "11"]
[EventCountry "AUT"]
[WhiteTeam "ESV Austria Graz"]
[BlackTeam "Strassenbahn Graz"]

1.e4 e6 2.d4 d5 3.Nd2 c5 4.exd5 exd5 5.Ngf3 Nf6 6.Bb5+ Bd7 7.Qe2+ Qe7 8.Ne5 a6
9.Nxd7 Nfxd7 10.Bxd7+ Nxd7 11.dxc5 Nxc5 12.Nf3 Qxe2+ 13.Kxe2 Be7 14.Rd1 O-O-O
15.Be3 Ne6 16.Rd3 Bf6 17.c3 Kc7 18.Rad1 Kc6 19.Kf1 Rhe8 20.Bd4 Bxd4 21.Nxd4+
Nxd4 22.Rxd4 Rd6 23.f3

[Event "Bundesliga B Mitte 2008/2009"]
[Site "Fuerstenfeld"]
[Date "2009.03.27"]
[Round "9"]
[Board "2"]
[White "Grunberg, Mihai-Lucian"]
[Black "Sakelsek, Tadej"]
[Result "1/2-1/2"]
[WhiteElo "2411"]
[BlackElo "2403"]
[PlyCount "26"]
[EventDate "2008.10.11"]
[EventType "team"]
[EventRounds "11"]
[EventCountry "AUT"]
[WhiteTeam "Strassenbahn Graz"]
[BlackTeam "ESV Austria Graz"]

1.Nf3 Nf6 2.g3 d5 3.Bg2 e6 4.d4 b5 5.b3 Bb7 6.c4 bxc4 7.bxc4 dxc4 8.Qa4+ Nbd7
9.O-O Bd6 10.Nc3 O-O 11.Qxc4 c5 12.Rb1 Nb6 13.Qd3 Rc8

[Event "Bundesliga B Mitte 2008/2009"]
[Site "Fuerstenfeld"]
[Date "2009.03.27"]
[Round "9"]
[Board "3"]
[White "Kotz, Heinz Peter"]
[Black "Butunoi, Alexandru"]
[Result "0-1"]
[WhiteElo "2342"]
[BlackElo "2402"]
[PlyCount "106"]
[EventDate "2008.10.11"]
[EventType "team"]
[EventRounds "11"]
[EventCountry "AUT"]
[WhiteTeam "ESV Austria Graz"]
[BlackTeam "Strassenbahn Graz"]

1.e4 g6 2.d4 Bg7 3.Nc3 c6 4.Nf3 d6 5.Bc4 b5 6.Bb3 b4 7.Ne2 Nf6 8.e5 Nd5 9.O-O
O-O 10.Nf4 Nxf4 11.Bxf4 Bg4 12.h3 Bxf3 13.Qxf3 d5 14.a3 Qb6 15.Qd3 Na6 16.Be3 e6
17.axb4 Nxb4 18.Qc3 Rfc8 19.Ra4 Na6 20.Rfa1 Nc7 21.Qa5 Qb7 22.Rb4 Nb5 23.c4 dxc4
24.Bxc4 a6 25.Be2 Bf8 26.Rc4 Nc7 27.Rc2 Nd5 28.Bd2 Qb3 29.Qa4 Qb6 30.Rac1 Bb4
31.Bxb4 Nxb4 32.Rc4 Rab8 33.Bf3 Nd3 34.Rxc6 Rxc6 35.Rxc6 Qxb2 36.Rc2 Qb1+ 37.Kh2
Ne1 38.Rc3 Qb2 39.Qc6 Qxf2 40.Qc7 Rf8 41.Qd6 a5 42.d5 Qd2 43.dxe6 Qxc3 44.Bd5
Nf3+ 45.gxf3 Qd2+ 46.Kh1 Qc1+ 47.Kg2 Qg5+ 48.Kf2 fxe6 49.Bxe6+ Kg7 50.Bd5 Rf5
51.Qc7+ Kh6 52.Bg8 Qd2+ 53.Kg1 Qe3+

[Event "Bundesliga B Mitte 2008/2009"]
[Site "Fuerstenfeld"]
[Date "2009.03.27"]
[Round "9"]
[Board "4"]
[White "Supancic, Darko"]
[Black "Aschenbrenner, Robert"]
[Result "1-0"]
[WhiteElo "2377"]
[BlackElo "2261"]
[PlyCount "49"]
[EventDate "2008.10.11"]
[EventType "team"]
[EventRounds "11"]
[EventCountry "AUT"]
[WhiteTeam "Strassenbahn Graz"]
[BlackTeam "ESV Austria Graz"]

1.d4 Nf6 2.g3 d5 3.Bg2 c6 4.Nf3 Bf5 5.O-O h6 6.c4 e6 7.Qb3 Qb6 8.Nc3 Be7 9.c5
Qxb3 10.axb3 Na6 11.Ne5 Nb4 12.Bd2 Nd7 13.Ra4 Nc2 14.Nxd7 Kxd7 15.e4 dxe4
16.Nxe4 b5 17.Ra6 Nxd4 18.Rfa1 Rhc8 19.b4 e5 20.Bc3 Ne2+ 21.Kf1 Nxc3 22.bxc3 Ke8
23.Rxa7 Rxa7 24.Rxa7 Bd7 25.Nd6+

[Event "Bundesliga B Mitte 2008/2009"]
[Site "Fuerstenfeld"]
[Date "2009.03.27"]
[Round "9"]
[Board "6"]
[White "Krebs, Johann"]
[Black "Pfaffel, Thomas"]
[Result "0-1"]
[WhiteElo "2234"]
[BlackElo "2148"]
[PlyCount "124"]
[EventDate "2008.10.11"]
[EventType "team"]
[EventRounds "11"]
[EventCountry "AUT"]
[WhiteTeam "Strassenbahn Graz"]
[BlackTeam "ESV Austria Graz"]

1.d4 Nf6 2.Nf3 b6 3.g3 Bb7 4.Bg2 e6 5.c4 Be7 6.Nc3 Ne4 7.Qc2 Nxc3 8.Qxc3 Na6
9.O-O O-O 10.Rd1 Bf6 11.Qc2 Nb4 12.Qa4 a5 13.a3 Be4 14.Ne1 Bxg2 15.Nxg2 Nc6
16.d5 Nd4 17.Kf1 c6 18.Rd3 exd5 19.cxd5 b5 20.Qd1 Qb6 21.Be3 c5 22.Rc1 d6
23.Bxd4 Bxd4 24.Rc2 g6 25.Ne1 Bg7 26.e4 c4 27.Rdd2 Rfc8 28.Nf3 c3 29.bxc3 Rxc3
30.Rd3 Rac8 31.Rdxc3 Rxc3 32.e5 b4 33.e6 fxe6 34.dxe6 Qc6 35.e7 Kf7 36.Rxc3 bxc3
37.Ng5+ Kxe7 38.Qb3 d5 39.Qc2 Qc4+ 40.Kg2 Bf6 41.Nf3 Qe4 42.Qxe4+ dxe4 43.Ne1
Kd6 44.f3 exf3+ 45.Kxf3 Kd5 46.Nc2 Kc4 47.Ke4 a4 48.g4 Kb3 49.Kd3 Be5 50.h3 Bf6
51.Ne3 Bg5 52.Nc2 Kb2 53.Nd4 Bf6 54.Nc2 Be7 55.Ne3 Kb3 56.Nc2 Bc5 57.Na1+ Kb2
58.Nc2 g5 59.Ne1 Bxa3 60.Kc4 c2 61.Nd3+ Ka2 62.Kb5 Kb3

[Event "Bundesliga B Mitte 2008/2009"]
[Site "Fuerstenfeld"]
[Date "2009.03.27"]
[Round "9"]
[Board "1"]
[White "Horvath, Peter"]
[Black "Lenic, Luka"]
[Result "0-1"]
[WhiteElo "2445"]
[BlackElo "2548"]
[PlyCount "46"]
[EventDate "2008.10.11"]
[EventType "team"]
[EventRounds "11"]
[EventCountry "AUT"]
[WhiteTeam "SK Leoben"]
[BlackTeam "SV Raika Rapid Feffernitz"]

1.d4 Nf6 2.c4 e6 3.Nc3 Bb4 4.Bg5 c5 5.d5 exd5 6.cxd5 O-O 7.e3 d6 8.Bd3 h6 9.Bh4
g5 10.Bg3 Nxd5 11.Nge2 Bg4 12.Qc2 Nc6 13.h4 Qf6 14.hxg5 hxg5 15.Be4 Nxc3 16.Nxc3
d5 17.Bxd5 Bf5 18.Qc1 Rad8 19.e4 Rxd5 20.exd5 Nd4 21.Rh5 Bxc3+ 22.Qxc3 Re8+
23.Kf1 Qa6+

[Event "Bundesliga B Mitte 2008/2009"]
[Site "Fuerstenfeld"]
[Date "2009.03.27"]
[Round "9"]
[Board "3"]
[White "Doric, Darko"]
[Black "Gostisa, Leon"]
[Result "0-1"]
[WhiteElo "2477"]
[BlackElo "2413"]
[PlyCount "94"]
[EventDate "2008.10.11"]
[EventType "team"]
[EventRounds "11"]
[EventCountry "AUT"]
[WhiteTeam "SK Leoben"]
[BlackTeam "SV Raika Rapid Feffernitz"]

1.d4 Nf6 2.c4 e6 3.Nf3 Bb4+ 4.Nbd2 d5 5.Qa4+ Nc6 6.e3 O-O 7.a3 Be7 8.Qc2 Nb8
9.Bd3 Nbd7 10.c5 c6 11.b4 Qc7 12.Bb2 b6 13.O-O bxc5 14.bxc5 a5 15.Rfb1 Ba6
16.Bxa6 Rxa6 17.Bc3 Ra7 18.Rb3 Rb8 19.Rab1 Rxb3 20.Rxb3 Qc8 21.Rb2 h6 22.Qb1 Bd8
23.Ne5 Nxe5 24.Rb8 Qc7 25.Qb6 Nc4 26.Nxc4 dxc4 27.Qxc7 Rxc7 28.Rxd8+ Kh7 29.Rb8
Nd5 30.Ba1 c3 31.Kf1 e5 32.Rb1 exd4 33.exd4 c2 34.Rc1 Rb7 35.Ke2 Rb3 36.Kd2 Rxa3
37.Kxc2 Nb4+ 38.Kd2 Ra2+ 39.Kc3 Rxf2 40.Kb3 Rxg2 41.h4 Nd5 42.Rf1 f6 43.Re1 f5
44.Re6 Rg6 45.Rd6 f4 46.Bc3 Rg3 47.Kb2 Nxc3

[Event "Bundesliga B Mitte 2008/2009"]
[Site "Fuerstenfeld"]
[Date "2009.03.27"]
[Round "9"]
[Board "4"]
[White "Jeric, Simon"]
[Black "Bachler, Reinhard"]
[Result "1-0"]
[WhiteElo "2279"]
[BlackElo "2241"]
[PlyCount "59"]
[EventDate "2008.10.11"]
[EventType "team"]
[EventRounds "11"]
[EventCountry "AUT"]
[WhiteTeam "SV Raika Rapid Feffernitz"]
[BlackTeam "SK Leoben"]

1.e4 c5 2.c3 b6 3.d4 Ba6 4.Bxa6 Nxa6 5.Nf3 cxd4 6.cxd4 b5 7.O-O Nf6 8.Qe2 Qb6
9.Bg5 e6 10.Bxf6 gxf6 11.Nc3 b4 12.Na4 Qa5 13.b3 Bh6 14.Rad1 Rb8 15.Ne1 Rg8
16.f4 Qb5 17.Rd3 f5 18.d5 Nc5 19.Nxc5 Qxc5+ 20.Kh1 fxe4 21.Qxe4 f5 22.Qe5 Rb5
23.Qe2 Rb6 24.Qh5+ Rg6 25.Nf3 Ke7 26.Ne5 Rf6 27.dxe6 d5 28.Nd7 Qc2 29.Nxf6 Rxe6
30.Nxd5+

[Event "Bundesliga B Mitte 2008/2009"]
[Site "Fuerstenfeld"]
[Date "2009.03.27"]
[Round "9"]
[Board "5"]
[White "Binder, Michael"]
[Black "Reiss, Georg"]
[Result "1/2-1/2"]
[WhiteElo "2170"]
[BlackElo "2131"]
[PlyCount "82"]
[EventDate "2008.10.11"]
[EventType "team"]
[EventRounds "11"]
[EventCountry "AUT"]
[WhiteTeam "SK Leoben"]
[BlackTeam "SV Raika Rapid Feffernitz"]

1.Nf3 d5 2.d4 Nf6 3.c4 c6 4.Nc3 dxc4 5.a4 Bf5 6.Ne5 e6 7.f3 Bb4 8.e4 Bxe4 9.fxe4
Nxe4 10.Bd2 Qxd4 11.Nxe4 Qxe4+ 12.Qe2 Bxd2+ 13.Kxd2 Qd5+ 14.Kc2 Na6 15.Nxc4 Qf5+
16.Kc3 Rd8 17.Qe5 Nc5 18.Qxf5 exf5 19.Be2 O-O 20.Rhd1 f4 21.Bf3 f5 22.a5 g5
23.Rxd8 Rxd8 24.Rd1 Ne4+ 25.Kc2 Rd5 26.h3 Kg7 27.Rxd5 cxd5 28.Nd2 Kf6 29.Kd3 Ke5
30.b4 g4 31.hxg4 fxg4 32.Bxe4 dxe4+ 33.Nxe4 h5 34.Nc5 h4 35.Ke2 b6 36.axb6 axb6
37.Nd7+ Ke4 38.Nxb6 f3+ 39.gxf3+ gxf3+ 40.Kf2 h3 41.Kg3 Kd4